El estructuralismo /
Obra en que se hace una introducción al estructuralismo a través de la revisión de los estructuralismos de las distintas ciencias. Tiene como punto de partida la problemática que ha surgido de las diversas concepciones que hay del término, desde la matemática hasta la filosófica, pasando por la soci...
שמור ב:
| מחבר ראשי: | |
|---|---|
| מחברים אחרים: | |
| פורמט: | ספר |
| שפה: | ספרדית |
| יצא לאור: |
Buenos Aires, Argentina :
Proteo,
1969, c1969
|
| מהדורה: | 2a edición |
| סדרה: | (Estudios y Ensayos Fundamentales ;
3) |
| נושאים: | |
| תגים: |
אין תגיות, היה/י הראשונ/ה לתייג את הרשומה!
|
MARC
| LEADER | 00000nam^a2200000^a^4500 | ||
|---|---|---|---|
| 001 | 000186878 | ||
| 005 | 20250521000000.0 | ||
| 009 | 20260310102240.439 | ||
| 037 | |a Acervo ITESO - Biblioteca | ||
| 041 | |a ESP | ||
| 082 | |a 300. 1 |b PIA | ||
| 100 | |a Piaget, Jean |e (autor) | ||
| 240 | 1 | 4 | |a [El estructuralismo, de Jean Piaget] |
| 245 | 1 | 3 | |a El estructuralismo / |c J. Piaget ; tr. por F. Mazía. |
| 250 | |a 2a edición |b revisada y aumentada | ||
| 264 | 4 | |a Buenos Aires, Argentina : |b Proteo, |c 1969, c1969 | |
| 300 | |a 124 p. | ||
| 336 | |a texto |b txt |2 rdacontenido | ||
| 337 | |a sin mediación |b n |2 rdamedio | ||
| 338 | |a volumen |b nc |2 rdasoporte | ||
| 440 | 1 | |a (Estudios y Ensayos Fundamentales ; |v 3) | |
| 500 | |a Traducción de: Le structuralisme | ||
| 520 | |a Obra en que se hace una introducción al estructuralismo a través de la revisión de los estructuralismos de las distintas ciencias. Tiene como punto de partida la problemática que ha surgido de las diversas concepciones que hay del término, desde la matemática hasta la filosófica, pasando por la social, la lingüística, la biológica y la psicológica. Por lo tanto, busca la respuesta a qué es en los aspectos comunes que tienen todas sus acepciones. | ||
| 649 | |a XX | ||
| 650 | |a Estructuralismo - |x Teoría - |x Tema Principal | ||
| 650 | |a Formalismo (Matemáticas) | ||
| 650 | |a Matemáticas | ||
| 650 | |a Inteligencia | ||
| 650 | |a Teoría y Terapia Gestalt | ||
| 650 | |a Psicología | ||
| 650 | |a Biología | ||
| 650 | |a Estructura Lingüística | ||
| 650 | |a Lingüística Estructural | ||
| 650 | |a Antropología Cultural | ||
| 650 | |a Antropología Filosófica | ||
| 650 | |a Filosofía del Siglo XX | ||
| 650 | |a Ciencias Sociales - |x Metodología | ||
| 650 | |a Ciencias Sociales - |x Teoría | ||
| 700 | |a Mazía, Floreal |e (traducción) | ||
| 910 | |a Fondo General | ||
| 920 | |a Impresos - Libros | ||
| 930 | |a Colección General | ||
| 905 | |a 101 | ||
| 901 | |a 0500128620 |b IT1 |c ACC |u 20250521 | ||
| 902 | |a https://opac.biblio.iteso.mx/vufind/Record/000186878 | ||